Responses for Show #3108 - Wednesday, February 18, 1998

J.J. Todor game 2.

Contestants

[<< previous game]

Michelle Power, a homemaker from Oregon City, Oregon

Jesse Moises, a voice actor from Daly City, California

J.J. Todor, a law student from Pataskala, Ohio (whose 1-day cash winnings total $2,089)

[next game >>]

Jeopardy! Round responses

MILITARY POWER
AROUND THE POKER TABLE WITH SLIM
NEW YORK TIMES HEADLINES
DREAMY MUSIC
BUGS
FEELING "ANCY"
    $100 15
radar

Jesse
    $100 1
(Michelle: What is an ante?)

the kitty

JesseMichelle
    $100 13
World War I

J.J.
    $100 11
U2

Michelle
    $100 3
crickets

J.J.
    $100 5
life expectancy

Michelle
    $200 25
the Demilitarized Zone

Michelle
    $200 2
(Michelle: What is shuffle?)

cut the deck

J.J.Michelle
    $200 19
John Dillinger

Michelle
    $500 12
Roy Orbison

Michelle
    $200 4
bedbugs

Michelle
    $200 6
pregnancy

J.J.
    $300 30
watch

Michelle
    $300 7
a full house

Michelle
    $300 20
the blackout

Michelle
    $300 16
"Dream On"

Jesse
    $300 14
the tarantula

J.J.
    $300 8
vagrancy

Jesse
    $400 29
scramble

Michelle
    $400 23
a four-flusher

J.J.
    $400 21
[NOTE: This was the 64,000th clue entered in the J! Archive on 2006-08-09.]

the University of Mississippi

Jesse
    $400 17
"All I Have To Do Is Dream"

Jesse
    $400 26
fire ants

J.J.
    $400 9
Yancy

Michelle
    $500 27
reserves

J.J.
    $500 24
(Jesse: What is play blindly?)

fold

J.J.Jesse
    $500 22
the Pentagon Papers

Jesse
    $500 18
Waylon Jennings

Michelle
    $500 28
a dragonfly

Michelle
    $500 10
a vacancy

Michelle

Scores at the first commercial break (after clue 15):

J.J. Jesse Michelle
$900 $500 $1,800

Scores at the end of the Jeopardy! Round:

J.J. Jesse Michelle
$2,700 $1,600 $4,200

Double Jeopardy! Round responses

THE 17TH CENTURY
COUNTIES BY STATE
MOVIE CO-STARS
MAY DAYS
EDNA ST. VINCENT MILLAY SAYS....
"EZ" DOES IT
    $200 9
William Penn (Philadelphia)

J.J.
    $200 21
Georgia

Michelle
    $200 1
Humphrey Bogart

Jesse
    $200 3
Anne Boleyn

Michelle
    $200 26
L.V. Beethoven

Michelle
    $200 10
Gomez

Michelle
    $400 11
London

Jesse
    $400 22
(Michelle: What is Alabama?)

Oklahoma

JesseMichelle
    $400 2
Judy Garland

Michelle
    $400 4
Senator Bob Dole

J.J.
    $400 27
summer

Triple Stumper
    $400 8
the Suez Canal

Michelle
    $600 18
Galileo

J.J.
    $600 23
Colorado

Michelle
    $600 12
Diane Keaton

Triple Stumper
    $600 15
the Kentucky Derby

Jesse
    $3,000 28
love

Michelle
    $600 5
(Michelle: What is a trapezoid?)
...
(Alex: A trapezoid is a geometric figure.)

the trapezius

J.J.Michelle
    $800 19
Dom Perignon

J.J.
    $800 24
Indiana

J.J.
    $800 13
Rene Russo

Jesse
    $800 16
Rudolf Hess

Jesse
    $800 29
my candle

Michelle
    $1,000 6
Paul Cezanne

J.J.
    $1000 20
Marquette & Joliet

Triple Stumper
    $1000 25
New York

Michelle
    $1000 14
(Michelle: What is BUtterfield 8?)
(Jesse: What is An American Tragedy?)
...
(Alex: Let me give it to you. Jesse, you were on the right track. It was based on An American Tragedy by Theodore Dreiser; the movie was called [*].)

A Place in the Sun

JesseMichelle
Triple Stumper
    $1000 17
El Salvador

Triple Stumper
    $1000 30
the ferry

Michelle
    $1000 7
(Jesse: What is Belize?)

Venezuela

J.J.Jesse

Scores at the end of the Double Jeopardy! Round:

J.J. Jesse Michelle
$8,100 $2,800 $10,200

[wagering suggestions for these scores]

Final Jeopardy! Round responses

AUTHORS
JesseWho is Dashiell Hammett?
$2,800
J.J.Who is Wolfe?
$2,101
MichelleWho is Spillane?
$6,100
Dashiell Hammett

Final scores:

J.J. Jesse Michelle
$5,999 $5,600 $4,100
2-day champion: $8,088 2nd place: Sears gift certificates 3rd place: Sears gift certificates

Game dynamics:

Coryat scores:

J.J. Jesse Michelle
$7,900 $2,800 $7,500
17 R
(including 1 DD),
0 W
13 R,
3 W
25 R
(including 2 DDs),
5 W

Combined Coryat: $18,200

[game clues] [game scores] [suggest correction]

Game tape date: Unknown
The J! Archive is created by fans, for fans. Scraping, republication, monetization, and malicious use prohibited; this site may use cookies and collect identifying information. See terms. The Jeopardy! game show and all elements thereof, including but not limited to copyright and trademark thereto, are the property of Jeopardy Productions, Inc. and are protected under law. This website is not affiliated with, sponsored by, or operated by Jeopardy Productions, Inc. Join the discussion at JBoard.tv.